| 000 | 00364nam a2200145Ia 4500 | ||
|---|---|---|---|
| 999 |
_c10877 _d10877 |
||
| 008 | 191201s2007 xx 000 0 und d | ||
| 020 | _a9788175349193 | ||
| 082 | _a345 UNC | ||
| 100 | _aMANUAL | ||
| 245 | 0 | _aUniversal's Criminal Manual | |
| 260 |
_aNew Delhi _bUniversal _c2021 |
||
| 300 | _a735 | ||
| 650 | _aBachelor of Mass Communication | ||
| 942 |
_2ddc _cBK |
||